Naruto Hokage Quiz - Statistics

General Stats
  • This quiz has been taken 174 times
  • The average score is 8 of 8
Answer Stats
Hint Answer % Correct
Minato
99%
Naruto
99%
Hashirama
98%
Kakashi
98%
Tsunade
98%
Hiruzen
97%
Tobirama
97%
(temporarily) Danzo
89%
No matching quizzes found
Score Distribution
Percent of People with Each Score
Percentile by Number Answered
Your Score History
You have not taken this quiz